Mi testimonio 1J4 : (Registro nro. 13722)

Detalles MARC
000 -LIDER
fixed length control field 01173cam a2200277 i 4500
001 - NÚMERO DE CONTROL
Identificador de número de control 20712493
003 - IDENTIFICACDOR DE NÚMERO DE CONTROL
control field DO-SdBNP
005 - DATE AND TIME OF LATEST TRANSACTION
control field 20230828143243.0
008 - ELEMENTOS DE LONGITUD FIJA
fixed length control field 181016s2017 dr b 000 0aspa
020 ## - ISBN
International Standard Book Number 9789945090178
040 ## - FUENTE DE CATALOGACIÓN
Agencia que crea de manera original el registro BPMSU
Idioma de catalogación spa
Agencia que realiza la transcripción BPMSU
082 #4 - NÚMERO DE CLASIFICACIÓN DECIMAL DE DEWEY
Classification number 972.93053
Item number ES74m 2017
Edition number 22
100 1# - ASIENTO PRINCIPAL -- NOMBRE PERSONAL
Nombre personal Escoto Santana, Julio Miguel,
Fechas asociadas con el nombre 1930-
Mención de responsabilidad author.
245 10 - MENCIÓN DE TITULO
Título Mi testimonio 1J4 :
Subtítulo la súplica de mi padre y mis trágicas vivencias en la tiranía de Trujillo... 50 años después /
Mención de responsabilidad Julio Miguel Escoto Santana.
264 ## - PRODUCTION, PUBLICATION, DISTRIBUTION, MANUFACTURE, AND COPYRIGHT NOTICE
Place of production, publication, distribution, manufacture Santo Domingo, República Dominicana :
Name of producer, publisher, distributor, manufacturer Editora Búho,
Date of production, publication, distribution, manufacture, or copyright notice 2017.
300 ## - DESCRIPCIÓN FÍSICA
Extensión 677 páginas :
Otros detalles físicos ilustraciones
Dimensiones 23 cm
504 ## - NOTA DE BIBLIOGRAFÍA, ETC.
Bibliography, etc Includes bibliographical references (pages 675-677).
590 ## - NOTA LOCAL
Enlace Inventariado, 2023/VM
600 14 - ENCABEZAMIENTO DE MATERIA--NOMBRE PERSONAL
Nombre personal Escoto Santana, Julio Miguel,
Fechas asociadas con el nombre 1930-
600 14 - ENCABEZAMIENTO DE MATERIA--NOMBRE PERSONAL
Nombre personal Trujillo Molina, Rafael Leónidas,
Fechas asociadas con el nombre 1891-1961
650 #4 - ENCABEZAMIENTO DE MATERIA--TEMÁTICO
Término temático o nombre geográfico como elemento de entrada Revolucionarios
Subdivisión geográfica República Dominicana
Subdivisión de forma Biografías
650 #4 - ENCABEZAMIENTO DE MATERIA--TEMÁTICO
Término temático o nombre geográfico como elemento de entrada Política y gobierno
Subdivisión geográfica República Dominicana
Subdivisión temática general Historia
Subdivisión cronológica 1930-1961
650 #4 - ENCABEZAMIENTO DE MATERIA--TEMÁTICO
Término temático o nombre geográfico como elemento de entrada 14 de Junio ​​(Organización: República Dominicana)
Subdivisión de forma
910 ## - VALIDACIÓN
Validación VMateo V. Control de calidad. BPMSU
942 ## - ADDED ENTRY ELEMENTS (KOHA)
Source of classification or shelving scheme Dewey Decimal Classification
Koha item type Libros
Existencias
Withdrawn status Lost status Source of classification or shelving scheme Damaged status Not for loan Collection code Home library Current library Date acquired Total Checkouts Full call number Barcode Date last seen Price effective from Koha item type
    Dewey Decimal Classification     Colección Dominicana Biblioteca Pública Metropolitana Salomé Ureña Biblioteca Pública Metropolitana Salomé Ureña 08/28/2023   BPMSU CD 972.93053 ES74m 2017 BPMSU23080028 08/28/2023 08/28/2023 Libros